000 00256nam a2200097Ia 4500
008 120527s9999 xx 000 0 und d
100 _aONIFADE, M.
245 _aWhen does an artist become a master?(seminar Proceedings)
260 _bARA Studio
942 _cBK
999 _c25815
_d25815